书目信息 |
| 题名: |
水产养殖技术及发展研究
|
|
| 作者: | 孔令富 著 | |
| 分册: | ||
| 出版信息: | 成都 四川大学出版社 2017.10 |
|
| 页数: | 187页 | |
| 开本: | 24cm | |
| 丛书名: | ||
| 单 册: | ||
| 中图分类: | S96 | |
| 科图分类: | ||
| 主题词: | 水产养殖 | |
| 电子资源: | ||
| ISBN: | 978-7-5690-1277-4 | |
| 000 | 00682nam0 2200217 450 | |
| 001 | 892 | |
| 005 | 20180926151232.86 | |
| 010 | @a978-7-5690-1277-4@dCNY45.00 | |
| 100 | @a20180612d2017 em y0chiy50 ea | |
| 101 | 0 | @achi |
| 102 | @aCN@b510000 | |
| 105 | @aa z 000yy | |
| 200 | 1 | @a水产养殖技术及发展研究@9shui chan yang zhi ji shu ji fa zhan yan jiu@f孔令富著 |
| 210 | @a成都@c四川大学出版社@d2017.10 | |
| 215 | @a187页@c图@d24cm | |
| 330 | @a本书对水产养殖技术以及现代科技设备进行介绍,并对水产养殖业的发展前景进行探讨。 | |
| 606 | 0 | @a水产养殖 |
| 690 | @aS96@v5 | |
| 701 | 0 | @a孔令富@9kong ling fu@f(1975-)@4著 |
| 801 | 0 | @aCN@b91MARC@c20180612 |
| 905 | @aMuseLib@dS96@e43 | |
| 水产养殖技术及发展研究/孔令富著.-成都:四川大学出版社,2017.10 |
| 187页:图;24cm |
| ISBN 978-7-5690-1277-4:CNY45.00 |
| 本书对水产养殖技术以及现代科技设备进行介绍,并对水产养殖业的发展前景进行探讨。 |
| ● |
| 相关链接 |
|
|
|
|
正题名:水产养殖技术及发展研究
索取号:S96/43
 
预约/预借
| 序号 | 登录号 | 条形码 | 馆藏地/架位号 | 状态 | 备注 |
| 1 | 1120184 | 211201849 | 第二样本阅览室/ [索取号:S96/43] | 在馆 | |
| 2 | 1120185 | 211201858 | 第三借阅区/ [索取号:S96/43] | 在馆 | |
| 3 | 1120186 | 211201867 | 第三借阅区/ [索取号:S96/43] | 在馆 | |
| 4 | 1120187 | 211201876 | 第三借阅区/ [索取号:S96/43] | 在馆 | |
| 5 | 1120188 | 211201885 | 密集书库-生命科学系/ [索取号:S96/43] | 在馆 |